000 00629nam a2200277Ia 4500
008 160716s9999||||xx |||||||||||||| ||und||
040 _cMarathi
082 _aXV.E/Devarasa
082 _bBORI-76132
100 _aDevarasa
245 _aEkatmatecha Marga
260 _aPune
260 _bBhartiya Vichar Sadhana
300 _a38
300 _cA
300 _ePaperback
530 _u00076132.pdf
563 _aReference
600 _aDevarasa
630 _aEkatmatecha Marga
650 _aCollected works
650 _aReference
700 _aDevarasa
730 _aEkatmatecha Marga
942 _cBOOK
999 _c1398320
_d1398317